Jean de Witt, Grand Pensionnaire de Hollande (Record no. 157453)
[ view plain ]
| 000 -LEADER | |
|---|---|
| campo de control de longitud fija | 00758nam a2200181 i 4500 |
| 001 - NÚMERO DE CONTROL | |
| campo de control | 157453 |
| 003 - IDENTIFICADOR DE NÚMERO DE CONTROL | |
| campo de control | ES-MaACL |
| 005 - FECHA Y HORA DE LA ÚLTIMA TRANSACCIÓN | |
| campo de control | 20251112170750.0 |
| 008 - DATOS DE LONGITUD FIJA--INFORMACIÓN GENERAL | |
| campo de control de longitud fija | 040824s1884 fr f |||| | fre d |
| 100 1# - ENTRADA PRINCIPAL--NOMBRE DE PERSONA | |
| Nombre de persona | Lefèvre-Pontalis, Antonin. |
| 9 (RLIN) | 128848 |
| 245 10 - MENCIÓN DEL TÍTULO | |
| Título | Jean de Witt, Grand Pensionnaire de Hollande |
| Resto del título | : vingt années de République Parlementaire au dix-septième siècle / |
| Mención de responsabilidad, etc. | par Antonin Lefèvre-Pontalis ; avec un portrait d'après Netscher. |
| 260 ## - PUBLICACIÓN, DISTRIBUCIÓN, ETC. | |
| Lugar de publicación, distribución, etc. | Paris : |
| Nombre del editor, distribuidor, etc. | E. Plon, Nourrit et C., |
| Fecha de publicación, distribución, etc. | 1884. |
| 300 ## - DESCRIPCIÓN FÍSICA | |
| Extensión | 2 v., [1] h. de lám. ; |
| Dimensiones | 24 cm. |
| 599 ## - NOTA A LAS ILUSTRACIONES | |
| NOTA A LAS ILUSTRACIONES | Lám.: retrato de Jean de Witt: "Netscher pinx., heliogr. Dujardin, Imp. Eudes" |
| 600 #0 - PUNTO DE ACCESO ADICIONAL DE MATERIA--NOMBRE DE PERSONA | |
| Nombre de persona | Witt, Johan de, |
| Fechas asociadas al nombre | 1625-1672 |
| 9 (RLIN) | 222802 |
| 852 ## - LOCALIZACIÓN | |
| Ubicación | ES-MaACL |
| Número de control de estantería | B-4364-65 |
| Estatus retirado | Estado de pérdida | Estado de daño | No para préstamo | Colección | Biblioteca de origen | Biblioteca actual | Ubicación en estantería | Fecha de adquisición | Total de préstamos | Signatura topográfica completa | Código de barras | Visto por última vez | Precio de reemplazo | Tipo de ítem Koha |
|---|---|---|---|---|---|---|---|---|---|---|---|---|---|---|
| Libros del s. XIX | Biblioteca del Ateneo de Madrid | Biblioteca del Ateneo de Madrid | Sala Pardo Bazán | 17/01/2008 | B-4364-65 | 1164771 | 23/02/2023 | 23/02/2023 | Libro impreso antiguo |
